Teaching emotional intelligence : (Record no. 7634)

MARC details
000 -LEADER
fixed length control field 00720nam a22001937a 4500
003 - CONTROL NUMBER IDENTIFIER
control field OSt
005 - DATE AND TIME OF LATEST TRANSACTION
control field 20260121030934.0
008 - FIXED-LENGTH DATA ELEMENTS--GENERAL INFORMATION
fixed length control field 260121b |||||||| |||| 00| 0 eng d
020 ## - INTERNATIONAL STANDARD BOOK NUMBER
International Standard Book Number 1-4129-4058-3.
040 ## - CATALOGING SOURCE
Original cataloging agency DWCL-Main lib
Transcribing agency OC
082 ## - DEWEY DECIMAL CLASSIFICATION NUMBER
Edition number 2nd edition.
Classification number Circ. 152.4 L678t 2007
100 ## - MAIN ENTRY--PERSONAL NAME
Personal name Lewkowics, Adina Bloom
245 ## - TITLE STATEMENT
Title Teaching emotional intelligence :
Remainder of title strategies and activities for helping students make effective choices 2nd ed.
Statement of responsibility, etc. Lewkowics, Adina Bloom
260 ## - PUBLICATION, DISTRIBUTION, ETC.
Place of publication, distribution, etc. Calif. :
Name of publisher, distributor, etc. Corwin Press,
Date of publication, distribution, etc. c2007.
300 ## - PHYSICAL DESCRIPTION
Extent x, 212 pages :
Other physical details illustration ;
Dimensions 27 cm.
650 ## - SUBJECT ADDED ENTRY--TOPICAL TERM
Source of heading or term 1. Emotional intelligence-Study and teaching.
650 ## - SUBJECT ADDED ENTRY--TOPICAL TERM
Source of heading or term 2. Emotional intelligence.
942 ## - ADDED ENTRY ELEMENTS (KOHA)
Source of classification or shelving scheme Dewey Decimal Classification
Koha item type Book Circulation
Edition 2nd ed.
Call number prefix Circ.
Suppress in OPAC No

No items available.